|
|
|
|
| LEADER |
00000nam a22000007a 4500 |
| 005 |
20190726133242.0 |
| 007 |
cr|||| |||| |
| 008 |
190726s2019 es |||||s|||| 00||0 spa d |
| 020 |
|
|
|a 978-84-1324-026-8
|
| 035 |
|
|
|a 23772
|
| 040 |
|
|
|a vLex
|
| 090 |
|
|
|c 9075
|d 9075
|
| 100 |
1 |
|
|a Lp̤ez Sǹchez, Rogelio
|
| 245 |
1 |
2 |
|a El derecho a la informacin̤ y datos personales en Mx̌ico
|h [Recurso electrn̤ico] /
|c Rogelio Lp̤ez Sǹchez, Jos ̌Luis Leal Espinoza
|
| 256 |
|
|
|a Servicio en ln̕ea
|
| 260 |
|
|
|a Madrid:
|b Dykinson,
|c 2019
|
| 300 |
|
|
|a 1 recurso electrn̤ico
|
| 500 |
|
|
|a Subtt̕ulo: una visin̤ comparada con el sistema interamericano y europeo de derechos humanos.
|
| 506 |
1 |
|
|a Disponible solo en los productos indicados
|d vLex Global
|d vLex Global (Academic Edition, excluding Law Schools)
|d vLex Global (U.S. Academic Edition, Law Schools)
|d vLex Global (U.S. Academic Edition, excluding Law Schools)
|d vLex Global (Academic Edition, Law Schools)
|
| 650 |
0 |
4 |
|a Derecho de las Nuevas Tecnologa̕s
|z Espaą
|
| 700 |
1 |
|
|a Leal Espinoza, Jos ̌Luis
|
| 740 |
0 |
|
|a vLex Libros (Servicio en ln̕ea)
|
| 856 |
4 |
0 |
|u http://vlex.com/source/derecho-informacion-datos-personales-mexico-vision-comparada-sistema-interamericano-europeo-derechos-humanos-23772
|z Acceso restringido
|
| 942 |
|
|
|c BOOK
|
| 999 |
0 |
|
|a New Technologies Law
|